000 00517nam a2200217Ia 4500
003 OSt
005 20220924135317.0
006 a|||||r|||| 00| 0
007 ta
008 220923b |||||||| |||| 00| 0 ben d
024 _a290460
037 _cTextual
040 _aARTS
_cARTS
_bben
041 _2ben
_aben
082 _aO111,3N15w, 157J2
245 0 _aJri dhara
260 _c1952
650 _aENGLISH LITERATURE
942 _hO111,3N15w, 157J2
_cTEXL
_2CC
999 _c440236
_d440236